Organización y burocracia : un análisis de las teorías modernas sobre organizaciones sociales.

में बचाया:
ग्रंथसूची विवरण
मुख्य लेखक: Mouzelis, Nicos P. (autor)
अन्य लेखक: Prats, Joan (autor) (autor)
स्वरूप: पुस्तक
भाषा:स्पेनिश
अंग्रेज़ी
विषय:
टैग: टैग जोड़ें
कोई टैग नहीं, इस रिकॉर्ड को टैग करने वाले पहले व्यक्ति बनें!

MARC

LEADER 00000cam^a2200000uu^4500
001 000485386
005 20250521000000.0
008 032108s1973^^^^^^^^^^^^rd^r^^000^0^^^^^d
009 20260310125157.339
035 |a FCE 000028460 
035 |a FCE 026747 
037 |a Acervo ITESO - Biblioteca 
041 |a spa  |h eng 
082 0 4 |a 301.1832  |b MOUo 
100 |a Mouzelis, Nicos P.  |e (autor) 
245 1 0 |a Organización y burocracia :  |b un análisis de las teorías modernas sobre organizaciones sociales. 
264 |a Barcelona :  |b Península,  |c 1973. 
300 |a 233 p. 
336 |a texto  |b txt  |2 rdacontenido 
337 |a sin mediación  |b n  |2 rdamedio 
338 |a volumen  |b nc  |2 rdasoporte 
596 |a Traducción de: Organisation and bureaucracy : an analysis of modern theories 
649 |a XX 
650 |a Teoría 
650 |a Desarrollo 
650 |a Organización 
650 |a Burocracia 
650 |a Organización administrativa 
650 |a Relaciones humanas 
650 |a Aspecto social 
700 |a Prats, Joan  |e (autor) 
910 |a Fondo Centro de Estudios Educativos 
920 |a Impresos - Libros 
930 |a Fondos Especiales 
905 |a 133 
901 |a ALE026747  |b IT2  |c CEE  |u 20250521 
902 |a https://opac.biblio.iteso.mx/vufind/Record/000485386